WW1 battle results - Statistics

General Stats
  • This quiz has been taken 70 times
  • The average score is 7 of 10
Answer Stats
Question Answer % Correct
Battle of Verdun France
100%
Battle of Gallipoli Ottoman Empire
92%
Second Battle of the Marne France, USA, UK and Italy
77%
Battle of Megiddo Egypt
69%
The First Battle of the Marne (Who won?) France-UK
69%
Battle of Transylvania Germany, Austria
69%
Battle of the Bulge Germany
62%
Battle of Lake Naroč Germany
54%
Battle of Amiens France-UK
46%
Battle of Mulhouz Germany
46%
No matching quizzes found
Score Distribution
Percent of People with Each Score
Percentile by Number Answered
Your Score History
You have not taken this quiz